000 00266nam a2200121Ia 4500
005 20251222142010.0
008 251222s9999||||xx |||||||||||||| ||spa||
020 _a84-7118-738-8
082 _a246.45/C76
245 0 _aEl Aborto:
264 _bPalabra
942 _cLIB
999 _c10297
_d10297